000
00253nam a2200097Ia 4500
001
683417
005
20250826161437.0
008
250824s9999 xx 000 0 und d
245
0
_a
KENDİMDEN GEÇİYORDUM UĞRADIM
_c
MİNE SOTA
260
_b
TİMAŞ YAYINLARI
999
_c
683417
_d
683417